000 00960 a2200313 4500
001 10764
650 _92127
_aManagement information systems
999 _c10764
_d713
003 TR-AnTOB
005 20190408212448.0
008 010615s2002 maua b 001 0 eng
010 _a2001092452
_z2001044188
020 _a0071123466
040 _aDLC
_cDLC
_dDLC
041 _aeng
042 _apcc
050 0 _aT58.6
_b.H18 2002
090 _aT58.6 .H18 2002
100 _aHaag, Stephen
_92124
245 0 _aManagement information systems for the information age /
_cStephen Haag, Maeve Cummings, Donald J. McCubbrey.
250 _a3rd ed.
264 1 _aBoston :
_bMcGraw-Hill Irwin,
_cc2002.
300 _axxiii, 440 p. :
_bcol. ill. ;
_c29 cm.
504 _aIncludes bibliographical references (p. 427-430) and index.
650 _aInformation technology.
_92128
700 _aCummings, Maeve
_92125
700 _aMcCubbrey, Donald J.
_92126
942 _cBK